000 00603nam a22001817a 4500
003 UA-OsUOA
001 9851
007 ta
008 20041203b un ||||| |||| 00| 0 ukr d
100 _aКоробков Д . В .
942 _cSA
040 _aUA-OsUOA
_cUA-OsUOA
_dUA-OsUOA
245 _aТрендовий аналіз та індексне моделювання інвестиційної привабливості цінних паперів
300 _aС.110 - 117
955 _a0
773 0 _w0
_tФінанси України
_dКиїв
_d2004
_g№11
650 7 _aІнвестиції
_2UDC
999 _c296012
_d296012